Stations in Berkshire - Statistics

General Stats
  • This quiz has been taken 10 times
  • The average score is 21 of 36
Answer Stats
Hint Answer % Correct
West Berks Hungerford
100%
West Berks Newbury
100%
West Berks Newbury Racecourse
100%
Bracknell Forest Bracknell
80%
Windsor & Maidenhead Datchet
80%
Wokingham Earley
80%
Windsor & Maidenhead Maidenhead
80%
Bracknell Forest Martins Heron
80%
West Berks Pangbourne
80%
Reading Reading
80%
Reading Reading West
80%
Slough Slough
80%
Wokingham Twyford
80%
Windsor & Maidenhead Windsor & Eton Central
80%
Windsor & Maidenhead Windsor & Eton Riverside
80%
Wokingham Wokingham
80%
Windsor & Maidenhead Ascot
60%
Windsor & Maidenhead Cookham
60%
Bracknell Forest Crowthorne
60%
West Berks Mortimer
60%
Bracknell Forest Sandhurst
60%
Windsor & Maidenhead Sunningdale
60%
Windsor & Maidenhead Sunnymeads
60%
Wokingham Winnersh
60%
Wokingham Winnersh Triangle
60%
West Berks Kintbury
40%
West Berks Thatcham
40%
Windsor & Maidenhead Wraysbury
40%
West Berks Aldermaston
20%
Slough Burnham
20%
Windsor & Maidenhead Furze Platt
20%
Slough Langley
20%
West Berks Midgham
20%
West Berks Theale
20%
Reading Tilehurst
0%
Wokingham Wargrave
0%
No matching quizzes found
Score Distribution
Percent of People with Each Score
Percentile by Number Answered
Your Score History
You have not taken this quiz